00453 2200181 4500001002100000005001500021008004100036020001800077035001900095041000700114082000800121090001300129100001600142245005700158260002300215300001700238650001600255INLIS00000000000540020241224113107241224||||||||| | ||| |||| || |  a979-3062-27-4 0010-1224005400 aid0 a813 a813IDR C0 aYUSUF IDRIS00aCity of Love and Ashes (Cinta Di Kota Yang Terbakar) bCITY PF LOUEc2004 a303HML,;17CM 0aKESUSASTRAN